The tricks of light and colour / (Record no. 7311)
[ view plain ]
| 000 -LEADER | |
|---|---|
| fixed length control field | 00689nam a22002657a 4500 |
| 001 - CONTROL NUMBER | |
| JCCL Control Number | 7311 |
| 003 - CONTROL NUMBER IDENTIFIER | |
| JCCL marc code | BD-JhCC |
| 005 - DATE AND TIME OF LATEST TRANSACTION | |
| control field | 20180207182517.0 |
| 008 - FIXED-LENGTH DATA ELEMENTS--GENERAL INFORMATION | |
| fixed length control field | 890214s1962 enk 000 0 eng d |
| 035 ## - SYSTEM CONTROL NUMBER | |
| system control number | (BD-JhCC)7311 |
| 035 ## - SYSTEM CONTROL NUMBER | |
| system control number | 663407 |
| 040 ## - CATALOGING SOURCE | |
| Original cataloging agency | ANL |
| Transcribing agency | ANL |
| Modifying agency | ABN-SNR |
| -- | BD-JhCC |
| 041 ## - LANGUAGE CODE | |
| Language code of Book | eng |
| 082 04 - DEWEY DECIMAL CLASSIFICATION NUMBER | |
| Classification number | 535 |
| Author mark and Year | MCK 1962 |
| 100 1# - MAIN ENTRY--PERSONAL NAME | |
| Personal name | McKay, Herbert Couchman, |
| 245 14 - TITLE STATEMENT | |
| Title | The tricks of light and colour / |
| Statement of responsibility, etc | by Herbert Mckay. |
| 260 ## - PUBLICATION, DISTRIBUTION, ETC. (IMPRINT) | |
| Place of publication, distribution, etc | London : |
| Name of publisher, distributor, etc | Oxford University Press, |
| Date of publication, distribution, etc | 1962. |
| 300 ## - PHYSICAL DESCRIPTION | |
| Pagination | 198 p. : |
| Other physical details | illus.; |
| Dimensions | 19 cm. |
| 490 0# - SERIES STATEMENT | |
| Series statement | New playbooks of science |
| 650 #0 - SUBJECT ADDED ENTRY--TOPICAL TERM | |
| Topical term or geographic name as entry element | Light. |
| 650 #0 - SUBJECT ADDED ENTRY--TOPICAL TERM | |
| Topical term or geographic name as entry element | Optics. |
| 650 #0 - SUBJECT ADDED ENTRY--TOPICAL TERM | |
| Topical term or geographic name as entry element | Color. |
| 942 ## - ADDED ENTRY ELEMENTS (KOHA) | |
| Source of classification or shelving scheme | Dewey Decimal Classification |
| Koha item type | Books |
| Source of classification or shelving scheme | Damaged status | Not for loan | Home library | Current library | Shelving location | Date of accession | Total Checkouts | Full call number | Barcode | Date last seen | Copy number | Koha item type |
|---|---|---|---|---|---|---|---|---|---|---|---|---|
| Dewey Decimal Classification | JCC Rouf Library | JCC Rouf Library | General Stacks | 02/07/2018 | 535 MCK 1962 | 9751 | 02/07/2018 | C - 1 | Books |